000 00306nam a22001337a 4500
008 170605b xxu||||| |||| 00| 0 eng d
020 _a2900195427805
041 _aeng
080 _24TH
_a94(7/8)
100 _a18
101 _aSHH
245 _aINTERPRETING CANADA'S PAST
_cBUMSTED,J.M
942 _2udc
_cBK
999 _c15913
_d15913